000 00850nam a2200193 a 4500
001 000034816
005 20200930073925.0
008 111020s1957 ag 000 0 spa d
040 _aDO-SdBNP
_bspa
_cBNPHU
082 _aXXXX
100 1 _aRomains, Jules
_960335
240 1 0 _aKnock ou le triomphe de la médicine le mariage de Le Trouhadec monsieur le Trouhadec saisi por la débauche
_lEspañol
245 1 0 _aTeatro :
_bknock o el triunfo de la medicina el casamiento del señor Trouhadec el señor Trouhadec arrastrado por el libertinaje donogoo /
_cJules Romains ; traducción Natividad Massanes.
260 _aBuenos Aires :
_bLosada,
_c1957.
300 _a349 p. ;
_c21 cm.
500 _aTraducido del Francés
590 _aPerteneció a la biblioteca personal de Juan Isidro Jimenes Grullón.
700 1 2 _aMassanes, Natividad
_etrad..
_960336
999 _c34307
_d34307